| 000 | 00604nam a2200217 a 4500 | ||
|---|---|---|---|
| 001 | 000003707 | ||
| 003 | DO-SdBNP | ||
| 005 | 20220721091823.0 | ||
| 007 | ta | ||
| 008 | 090713s2007 cu a 000 0 spa d | ||
| 020 | _a9789590504532 | ||
| 040 |
_aDO-SdBNP _bspa _cBNPHU |
||
| 049 | _aBNPD | ||
| 082 | 4 |
_bF727r _222 |
|
| 100 | 1 |
_aFornet Piña, Fernando _911315 |
|
| 245 | 1 | 0 |
_aRecetas de postres / _cFernando Fornet Piña. |
| 260 |
_aLa Habana, Cuba: _bCientífico-Técnica; _bInstituto Cubano del Libro, _c2007. |
||
| 300 |
_a99 p. : _bil. ; _c15 cm. |
||
| 500 | _aIncluye índice | ||
| 942 |
_2ddc _cLBS1 |
||
| 999 |
_c3529 _d3529 |
||